Every Connecticut town Quiz Stats

 Plays Quiz not verified by Sporcle

Challenge
Share
Tweet
Embed
Score 0/169 Timer 15:00
0 Plays Today
% Correct
Bridgeport
95.7%
Hartford
94%
New Haven
93.1%
Greenwich
91.4%
East Haven
90.5%
Stamford
90.5%
Danbury
89.7%
East Hartford
89.7%
Groton
87.9%
New London
87.9%
Waterbury
87.9%
Lyme
86.2%
Middletown
86.2%
West Haven
86.2%
Avon
86.2%
Fairfield
85.3%
Manchester
85.3%
Newtown
85.3%
West Hartford
85.3%
Ansonia
84.5%
Milford
83.6%
Bristol
82.8%
Canaan
82.8%
New Canaan
82.8%
North Haven
82.8%
Windsor
82.8%
Ashford
81.9%
Berlin
81.9%
Darien
81.9%
Glastonbury
81.9%
Old Lyme
81.9%
Cheshire
81%
Colchester
81%
Granby
81%
New Britain
81%
Norwalk
81%
Weston
81%
Andover
80.2%
Branford
80.2%
Canton
80.2%
East Lyme
80.2%
Newington
80.2%
Watertown
80.2%
Bloomfield
79.3%
Easton
79.3%
Enfield
79.3%
Guilford
79.3%
Hamden
79.3%
Meriden
79.3%
New Hartford
79.3%
Norwich
79.3%
Orange
79.3%
South Windsor
79.3%
Southbury
79.3%
Southington
79.3%
Bethel
78.4%
Durham
78.4%
% Correct
Mansfield
78.4%
Marlborough
78.4%
Middlebury
78.4%
Ridgefield
78.4%
Torrington
78.4%
Brooklyn
77.6%
Chester
77.6%
Derby
77.6%
Farmington
77.6%
Kent
77.6%
New Milford
77.6%
Stonington
77.6%
Windsor Locks
77.6%
Bolton
76.7%
Killingly
76.7%
Litchfield
76.7%
Portland
76.7%
Tolland
76.7%
Westport
76.7%
Bethany
75.9%
Burlington
75.9%
Clinton
75.9%
East Granby
75.9%
Shelton
75.9%
Stafford
75.9%
Vernon
75.9%
Barkhamsted
75%
Canterbury
75%
Cromwell
75%
East Windsor
75%
Essex
75%
Haddam
75%
Old Saybrook
75%
Stratford
75%
Madison
74.1%
Oxford
74.1%
Wallingford
74.1%
Waterford
74.1%
Wethersfield
74.1%
Windham
74.1%
Beacon Falls
73.3%
Harwinton
73.3%
Killingworth
73.3%
New Fairfield
73.3%
Putnam
73.3%
Salisbury
73.3%
Trumbull
73.3%
Bozrah
72.4%
Brookfield
72.4%
Coventry
72.4%
East Haddam
72.4%
Ellington
72.4%
North Branford
72.4%
Woodbridge
72.4%
Cornwall
71.6%
East Hampton
71.6%
Franklin
71.6%
% Correct
Lebanon
71.6%
Middlefield
71.6%
Monroe
71.6%
Bridgewater
70.7%
Griswold
70.7%
Hampton
70.7%
Hartland
70.7%
Ledyard
70.7%
North Stonington
70.7%
Rocky Hill
70.7%
Suffield
70.7%
Union
70.7%
Washington
70.7%
Wilton
70.7%
Deep River
69.8%
Redding
69.8%
Salem
69.8%
Colebrook
69%
Hebron
69%
Pomfret
69%
Willington
69%
Eastford
68.1%
Naugatuck
68.1%
Plainville
68.1%
Simsbury
68.1%
Voluntown
68.1%
Wolcott
68.1%
Woodbury
68.1%
Woodstock
68.1%
Bethlehem
67.2%
Goshen
67.2%
Montville
67.2%
Roxbury
67.2%
Westbrook
67.2%
Winchester
67.2%
Chaplin
66.4%
Lisbon
66.4%
Norfolk
66.4%
Prospect
66.4%
Seymour
66.4%
Somers
66.4%
Thompson
66.4%
North Canaan
65.5%
Warren
65.5%
Sharon
64.7%
Plainfield
63.8%
Plymouth
63.8%
Sprague
63.8%
Columbia
62.9%
Thomaston
62.9%
Morris
62.1%
Sherman
61.2%
Preston
60.3%
Sterling
60.3%
Scotland
59.5%

You're not logged in!

Compare scores with friends on all Sporcle quizzes.
Join for Free
OR
Log In

You Might Also Like...

Show Comments

Extras

Top Quizzes Today


Score Distribution

Your Account Isn't Verified!

In order to create a playlist on Sporcle, you need to verify the email address you used during registration. Go to your Sporcle Settings to finish the process.

Report this User

Report this user for behavior that violates our Community Guidelines.

Details: